000 00840nam a2200229Ii 4500
003 JO-AjNU
008 230605s9999||||xx |||||||||||||| ||und||
017 _a2019/3/1403
020 _a978-9923-25-005-1
040 _aJO-AjNU
_bara
_erda
_cJO-AjNU
041 _aara
050 1 4 _aHM742.2020
100 3 _aالعطاونة، علي محمد علي,
_eauthor
_962247
245 0 0 _aمواقع التواصل الاجتماعي والميزة التنافسية
250 _aط1
264 3 1 _aعمان: دار امجد للنشر واللتوزيع، 2020
300 _a144ص
_b ويحتوي على قائمة مراجع من 135ص-144ص
336 _atext
_btxt
_2rdacontent
337 _aunmediated
_bn
_2rdamedia
338 _avolume
_bnc
_2rdacarrier
650 4 _aالتواصل الاجتماعي-شبكات الحاسوب
_962248
999 _aA28178
_c31746
_d31746